| 000 | 02613cam a2200445 a 4500 | ||
|---|---|---|---|
| 001 | 10107580 | ||
| 005 | 20170105102937.0 | ||
| 008 | 110607s2011 enka b 001 0 eng d | ||
| 010 | _a 2011389412 | ||
| 016 | 7 |
_a015678820 _2Uk |
|
| 020 | _a9780745649733 | ||
| 020 | _a0745649734 | ||
| 020 | _a9780745649740 (pbk.) | ||
| 020 | _a0745649742 (pbk.) | ||
| 035 | _a(OCoLC)ocn727676861 | ||
| 035 |
_a(OCoLC)727676861 _z(OCoLC)669751071 |
||
| 035 | _a(NNC)10107580 | ||
| 040 |
_aUV0 _beng _cUV0 _dDLC _dBTCTA _dYDXCP _dCDX _dBWX _dCUD _dUKMGB _dBDX _dOWT |
||
| 042 | _alccopycat | ||
| 050 | 0 | 0 |
_aJZ6010 _b.R26 2011 |
| 082 | 0 | 4 |
_a327.172 _222 _bRAM 2011 |
| 100 | 1 | _aRamsbotham, Oliver. | |
| 245 | 1 | 0 |
_aContemporary conflict resolution : _bthe prevention, management and transformation of deadly conflicts / _cOliver Ramsbotham, Tom Woodhouse and Hugh Miall. |
| 250 | _a3rd ed. | ||
| 260 |
_aCambridge, UK ; _aMalden, MA : _bPolity, _c2011. |
||
| 300 |
_axxvi, 507 p. : _bill. ; _c23 cm. |
||
| 504 | _aIncludes bibliographical references (p. 436-486) and index. | ||
| 505 | 0 | _aIntroduction to conflict resolution : concepts and definitions -- Conflict resolution : origins, foundations and development of the field -- The statistics of deadly quarrels and the measurement of peace -- Understanding contemporary conflict -- Preventing violent conflict -- Containing violent conflict : peacekeeping -- Ending violent conflict : peacemaking -- Postwar reconstruction -- Peacebuilding -- Reconciliation -- Towards cosmopolitan conflict resolution -- Environmental conflict resolution -- Gender and conflict resolution -- Conflict resolution and the ethics of intervention -- Culture, religion and conflict resolution -- Conflict resolution in art and popular culture -- Conflict resolution, the media and the communications revolution -- Managing linguistic intractability : dialogue, discourse and radical disagreement -- Conflict resolution : theories and critiques -- Conflict resolution and the future. | |
| 650 | 0 | _aPacific settlement of international disputes. | |
| 650 | 0 | _aConflict management. | |
| 700 | 1 | _aMiall, Hugh. | |
| 700 | 1 | _aWoodhouse, Tom. | |
| 856 | 4 | 2 |
_3Contributor biographical information _uhttp://catdir.loc.gov/catdir/enhancements/fy1112/2011389412-b.html |
| 856 | 4 | 2 |
_3Publisher description _uhttp://catdir.loc.gov/catdir/enhancements/fy1112/2011389412-d.html |
| 856 | 4 | 1 |
_3Table of contents only _uhttp://catdir.loc.gov/catdir/enhancements/fy1112/2011389412-t.html |
| 942 |
_2ddc _cBK |
||
| 948 | 1 |
_a20121228 _bc _cmw18 _dMPS |
|
| 948 | 2 |
_a20121228 _ba _cmw18 _dMPS |
|
| 999 |
_c16310 _d16310 |
||